| 000 | 00730nam a2200217 a 4500 | ||
|---|---|---|---|
| 005 | 20250910063859.0 | ||
| 008 | 131104s1987 mx r 000 0 spa d | ||
| 020 | _a9687230320 | ||
| 035 | _aUPN01000193846 | ||
| 049 | _aCG | ||
| 050 | 4 |
_aF1221 T3 _bA5.7 |
|
| 245 | 0 | 0 |
_aAntropología social en la región purépecha / _ccomp. Guillermo de la Peña. |
| 260 |
_aZamora, Mich. : _bEl Colegio de Michoacán : _bGobierno del Estado de Michoacán, _c1987. |
||
| 300 | _a228 p. | ||
| 650 | 7 |
_aPurépechas _xVida social y costumbres _2 _910021 |
|
| 650 | 4 |
_aIndígenas de México _zMichoacán _916137 |
|
| 650 | 4 |
_aEtnología _zMéxico _96473 |
|
| 700 | 1 |
_aPeña, Guillermo de la, _ecomp. _931454 |
|
| 905 | _aLibro | ||
| 999 |
_c165947 _d165947 |
||